| 000 | 00772nam a2200217Ii 4500 | ||
|---|---|---|---|
| 001 | 20335 | ||
| 003 | CO-ViMGA | ||
| 008 | 241108s9999||||xx |||||||||||||| ||und|| | ||
| 020 | _a9588205441 | ||
| 040 |
_aCO-ViMGA _bspa _erda _cCO-ViMGA |
||
| 041 | 0 | _aspa | |
| 082 | 0 | 4 | _a372.6 F14a |
| 100 | 1 |
_aMyriam Stella. Fajardo Becerra _950737 |
|
| 245 | 1 | 0 | _aAnálisis de la investigación formativa en el área del lenguaje de la especialización en aprendizaje escolar y sus dificultades |
| 264 | 1 | _aBogotá, Colombia : Editorial Universitaria Cooperativa de Colombia ; Bogotá, 2004 | |
| 300 | _avolumen | ||
| 336 |
_atext _btxt _2rdacontent |
||
| 337 |
_aunmediated _bn _2rdamedia |
||
| 338 |
_avolume _bnc _2rdacarrier |
||
| 940 | _aidficha_siabuc: 19990. -- ficha_no_siabuc:20335 | ||
| 999 |
_c45425 _d45425 |
||